One Vowel Countries - Statistics

General Stats
  • This quiz has been taken 336 times
    320 since last reset
  • The average score is 11 of 24
Answer Stats
letters country % Correct
A Chad
81%
E Egypt
65%
AA Japan
63%
AAA Canada
60%
II Fiji
60%
OO Togo
55%
EE Sweden
54%
OOO Morocco
53%
EEE Greece
51%
AA Ghana
50%
AAA Panama
50%
EE Yemen
48%
AAAA Madagascar
47%
U Cyprus
40%
AA Qatar
40%
AAA Kazakhstan
37%
A Kyrgyzstan
37%
AAA Bahamas
36%
OOO Comoros
35%
AA Malta
35%
OOO Kosovo
34%
AA Rwanda
31%
EEE Seychelles
30%
AA Myanmar
23%
No matching quizzes found
Score Distribution
Percent of People with Each Score
Percentile by Number Answered
Your Score History
You have not taken this quiz since the last reset